000
00285nam a22001337a 4500
008
170920b xxu||||| |||| 00| 0 eng d
020
_a
9788434309562
041
_a
eng
080
_a
7
100
_a
45
101
_a
ART
245
_a
EDICIONES POLIGRAFA
_c
NIRO.J
942
_2
udc
_c
BK
999
_c
28516
_d
28516